| 000 | 01054cab a2200361 4500 | ||
|---|---|---|---|
| 001 | ABS46726 | ||
| 008 | 090401t1992 xxu||||| |||| 00| 0 eng d | ||
| 035 | _a(Sirsi) u59365 | ||
| 041 | _aeng | ||
| 245 | _aM25 London orbital | ||
| 260 | _c1992 | ||
| 350 | _a0 | ||
| 490 |
_aEstates Times _v(1154) 31 July 1992, 9-37(25) |
||
| 520 | _aLooks at the markets along main roads off the orbital motorway. Includes reports on industrial warehousing and planning policy. Concludes with features on Gravesend, Staines, Egham, Epsom, and Leatherhead. | ||
| 650 | _aA3 | ||
| 650 | _aBANK LENDING | ||
| 650 | _aESTATES TIMES SURVEY | ||
| 650 | _aHEATHROW TERMINAL 5 | ||
| 650 | _aM1 | ||
| 650 | _aM25 CORRIDOR | ||
| 650 | _aM3 | ||
| 650 | _aM4 | ||
| 650 | _aM40 | ||
| 650 | _aMARKETING | ||
| 650 | _aMOTORWAY WIDENING | ||
| 650 | _aMOTORWAYS | ||
| 650 | _aPENSION FUNDS | ||
| 650 | _aSTATISTICS | ||
| 650 | _aTHAMES VALLEY | ||
| 690 | _aPROPERTY-COMMERCIAL PROPERTY-COMMERCIAL PROPERTY MARKET | ||
| 942 | _n0 | ||
| 948 | _c04/03/1997 | ||
| 999 |
_c36425 _d36425 |
||